Don Pedro Casaldáliga: sigo apostando por el socialismo. Entrevista /
Salvato in:
| Autore principale: | |
|---|---|
| Altri autori: | |
| Natura: | testo |
| Soggetti: | |
| Tags: |
Aggiungi Tag
Nessun Tag, puoi essere il primo ad aggiungerne!!
|
MARC
| LEADER | 00000 a a2200000 04500 | ||
|---|---|---|---|
| 001 | 4090 | ||
| 003 | |||
| 040 | |||
| 100 | |a Amorós, Mario | ||
| 245 | |a Don Pedro Casaldáliga: |b sigo apostando por el socialismo. Entrevista / |c Mario Amorós ; Pedro Casaldáliga | ||
| 650 | |a ADQUISICION DE TIERRAS | ||
| 650 | |a CONFLICTOS SOCIALES | ||
| 650 | |a GRUPOS RELIGIOSOS | ||
| 650 | |a CAMPESINADO | ||
| 650 | |a MOVIMIENTOS CAMPESINOS | ||
| 700 | |a Casaldáliga, Pedro | ||
| 773 | |g número 396; páginas 4-5 | ||
| 999 | |c 32988 |d 32988 | ||
